[Event "World School-ch U17 Girls 9th"]
[Site "Porto Carras"]
[Date "2013.05.10"]
[Round "4"]
[White "Yakimenko, Viktoria"]
[Black "Nouman, Amna"]
[Result "1-0"]
[WhiteElo "1923"]
[BlackElo "1798"]
[PlyCount "115"]
[EventDate "2013.05.07"]
[EventType "swiss"]
[EventRounds "9"]
[EventCountry "GRE"]
[SourceTitle "CBM 154 Extra"]
[Source "ChessBase"]
[SourceDate "2013.06.25"]
[SourceVersion "2"]
[SourceVersionDate "2013.06.25"]
[SourceQuality "1"]

1. e4 e5 2. Nf3 Nc6 3. Bb5 a6 4. Ba4 Nf6 5. d3 b5 6. Bb3 Bc5 7. Bg5 h6 8. Bh4 d6 9. c3 Bb6 10. a4 Rb8 11. axb5 axb5 12. Na3 g5 13. Bg3 Ne7 14. Nxb5 Ng6 15. Na3 0-0 16. Qc2 Qe7 17. 0-0-0 Bc5 18. Nb1 Be6 19. Bxe6 Qxe6 20. h4 g4 21. h5 Ne7 22. Nfd2 Kg7 23. f4 Rb7 24. fxe5 dxe5 25. Rde1 Rfb8 26. Nc4 Nc6 27. Bf2 Bxf2 28. Qxf2 Na5 29. Nxa5 Rxb2 30. Qxb2 Rxb2 31. Kxb2 Qb6+ 32. Nb3 Qf2+ 33. N1d2 Qxg2 34. Ref1 Qe2 35. Kc2 g3 36. Nc1 Qg4 37. Rfg1 Nxh5 38. Rxh5 Qxh5 39. Rxg3+ Kf6 40. Nf3 Qh1 41. Ne2 h5 42. Nfg1 Qh4 43. Kd2 Ke6 44. Nf3 Qf6 45. Ke3 h4 46. Rh3 Qh6+ 47. Kf2 f6 48. Rxh4 Qf8 49. d4 exd4 50. cxd4 Kd7 51. Rf4 Qe7 52. Nh2 Kc8 53. Ng4 f5 54. exf5 Qh4+ 55. Ke3 Qh3+ 56. Kd2 Qa3 57. f6 Qa5+ 58. Ke3 1-0